007650000a22001570004500090001400000245006100014650002700075650003300102650002900135041001300164100002500177942001300202773015300215999001700368952022200385 aARb0218010aTrends in commercialisation of products of biotechnology14aBiotecnología99282514aComercio internacional9445614aSector industrial9956800 aInglés1 aZannoni, Lisa995669 cARTICULO1 tTransboundary Movement of Living Modified Organisms Resulting from Modern Biotechnology: issues and Opportunities for Policy Makers31185q1-6d1996 c11252d11252 001040718HEMEROTECAaBogotabBogotad2015-02-27eAcademia Colombiana de Ciencias Exactas, Físicas y NaturaleshFuera de circulaciónl0oAR 02180p012565r2015-03-25 00:00:00t1w2015-03-25xDonaciónyARTICULO